000 00646nam a2200241 i 4500
001 C2-0142825
003 PPAK
005 20180727125708.0
008 980112s1993 enka|||| ||||| | eng d
020 _a0751310417
040 _aPPAK
_beng
_cPPAK
_erda
082 0 4 _a032.02
_223
090 0 0 _a032.02
_bPOL
_dR
100 1 _aPollock, Steve,
_eauthor
245 1 0 _aEcology
264 1 _aLondon :
_bDorling Kindersley ,
_c1993
300 _a64 pages :
_bcolour illustrations ;
_c28 cm
336 _2rdacontent
_atext
337 _2rdamedia
_aunmediated
338 _2rdacarrier
_avolume
650 1 0 _aCuriosities and wonders
942 _ddc
_cB
999 _c44702
_d44702